Control of white root disease (Fomes lignosus) of Hevea brasiliensis (Record no. 56331)

MARC details
000 -LEADER
fixed length control field 00531nam a2200181Ia 4500
100 ## - MAIN ENTRY--AUTHOR NAME
Personal name Peries O S
245 #0 - TITLE STATEMENT
Title Control of white root disease (Fomes lignosus) of Hevea brasiliensis
260 ## - PUBLICATION, DISTRIBUTION, ETC. (IMPRINT)
Name of publisher Rubber Research Institute of Ceylon Quarterly Journal
Year of publication 1965
300 ## - PHYSICAL DESCRIPTION
Number of Pages 81-89
650 ## - SUBJECT ADDED ENTRY--TOPICAL TERM
Topical Term Disease control
650 ## - SUBJECT ADDED ENTRY--TOPICAL TERM
Topical Term Fomes lignosus
650 ## - SUBJECT ADDED ENTRY--TOPICAL TERM
Topical Term Hevea brasiliensis
650 ## - SUBJECT ADDED ENTRY--TOPICAL TERM
Topical Term White root disease
700 ## - ADDED ENTRY--PERSONAL NAME
Personal name Fernando T M
700 ## - ADDED ENTRY--PERSONAL NAME
Personal name Samaraweera S K
942 ## - ADDED ENTRY ELEMENTS (KOHA)
Koha item type Journals
Holdings
Withdrawn status Lost status Damaged status Not for loan Home library Current library Shelving location Date acquired Serial Enumeration / chronology Koha item type
      Journals RRII Library RRII Library Pathology 17/12/2021 Volume 41, Issue 04-Mar Journals